| 000 | 00681nam a2200229 i 4500 | ||
|---|---|---|---|
| 001 | 51702 | ||
| 003 | ES-MaACL | ||
| 005 | 20250829041605.0 | ||
| 007 | t| | ||
| 008 | 030814s1966 sp ||||1| spa d | ||
| 080 | _a26:32(04) | ||
| 100 | 1 |
_aDaniélou, Jean. _942633 |
|
| 245 | 1 | 0 |
_aOración y política / _cJean Danielou ; [traducción de O.L.M.S.]. |
| 260 |
_aBarcelona : _bPomaire, _c[1966] |
||
| 300 |
_a163 p. ; _c20 cm. |
||
| 490 | 1 | _aGrandes ensayos de hoy | |
| 650 | 4 |
_aCristianismo y política- _xIglesia Católica. _9160900 |
|
| 830 | 1 | 0 |
_aGrandes ensayos de hoy _9183528 |
| 852 | 4 |
_aES-MaACL _jC-32096 |
|
| 852 | 4 |
_aES-MaACL _jC-35981 |
|
| 999 |
_c51702 _d51702 |
||